01119nam a2200289 i 4500001001000000003000900010005001700019007000300036008004100039020001800080040003000098041000800128082002500136100004500161245009100206250002300297264006200320300004500382336002800427337003500455338002800490490004200518500005700560500007900617650005700696651007600753000046866DO-SdBNP20251120115516.0ta180404s2016 dr a 000 0 spa d a9789945586855 aDO-SdBNPbspacBNPHUerda aspa 4a972.93052bR696b2221 aRodríguez Bonilla, Manueleautor4aut.13aLa barranquita :bhablan los patriotas y la traición /cManuel Rodríguez Bonilla. aPrimera edición  4aSanto Domingo :bArchivo General de la Nación,c©2016. a324 páginas :bilustraciones ;c23 cm. atexto btxt2rdacontent asin mediación bn2rdamedia  avolumenbnc2rdacarrier0 aArchivo General de la Nación ;v288 aIncluye datos biográficos del autor en las solapas aIncluye índice onomástico, referencias y notas al pie de las páginas 4aBatalla de Barranquita, República Dominicana, 1916 4aRepública DominicanaxHistoria yOcupación norteamericana 1916-1924